00514nam a2200181Ia 4500008004100000020001500041082000800056100001900064245005000083250000600133260002900139300001400168500002400182650001200206942000700218952009000225999001700315230524s9999 xx 000 0 und d a8121931924 bALE aK. Alex942576 0aSoft Skill : Know Yourself and Know The World a3 aNew DelhibS.Chandc2014 a"X,254p;" aQuantity Number: 1 aEnglish cBK 00104070aTATCLbTATCLcGENd2023-05-24l0o ALEp54007r2023-05-24w2023-05-24yBK c57535d57535